LEADER 00900cam0-2200337---450- 001 990005260850403321 005 20150722121434.0 035 $a000526085 035 $aFED01000526085 035 $a(Aleph)000526085FED01 035 $a000526085 100 $a19990604d1904----km-y0itay50------ba 101 0 $alat 102 $aDE 105 $ay-------001yy 200 1 $aFasti sacerdotum P. R. publicorum aetatis imperatoriae$fscripsit Georgius Howe 210 $aLipsia$cAedibus B. G. Teubneri$d1904 215 $a96 p.$d21 cm 610 0 $aRoma antica$aCiviltà 610 0 $aNomi propri latini 610 0 $aReligione romana 676 $a937 676 $a292 676 $a471.7 700 1$aHowe,$bGeorgius$0205211 801 0$aIT$bUNINA$gRICA$2UNIMARC 901 $aBK 912 $a990005260850403321 952 $a937 HOW 1$bANT. G.R. 67$fFLFBC 959 $aFLFBC 997 $aUNINA LEADER 02701nam 2200685Ia 450 001 9910450932503321 005 20200520144314.0 010 $a1-281-36288-3 010 $a9786611362881 010 $a0-230-60483-8 024 7 $a10.1057/9780230604834 035 $a(CKB)1000000000342393 035 $a(EBL)307843 035 $a(OCoLC)560443875 035 $a(SSID)ssj0000280157 035 $a(PQKBManifestationID)11251372 035 $a(PQKBTitleCode)TC0000280157 035 $a(PQKBWorkID)10290344 035 $a(PQKB)10385358 035 $a(SSID)ssj0001658593 035 $a(PQKBManifestationID)16441823 035 $a(PQKBTitleCode)TC0001658593 035 $a(PQKBWorkID)14988320 035 $a(PQKB)10686327 035 $a(DE-He213)978-0-230-60483-4 035 $a(MiAaPQ)EBC307843 035 $a(Au-PeEL)EBL307843 035 $a(CaPaEBR)ebr10194123 035 $a(CaONFJC)MIL136288 035 $a(EXLCZ)991000000000342393 100 $a20070216d2007 uy 0 101 0 $aeng 135 $aur|n|---||||| 181 $ctxt 182 $cc 183 $acr 200 10$aHardball lobbying for nonprofits$b[electronic resource] $ereal advocacy for nonprofits in the new century /$fBarry Hessenius 205 $a1st ed. 210 $aNew York $cPalgrave Macmillan$d2007 215 $a1 online resource (222 p.) 300 $aDescription based upon print version of record. 311 $a1-349-53899-X 311 $a1-4039-8202-3 320 $aIncludes bibliographical references and index. 327 $aCover; Contents; Foreword; Acknowledgments; Introduction: The Value of Nonprofit Lobbying to Democracy; 1 Framing the Context for a New Approach; 2 Toward a New Paradigm for Nonprofit Advocacy/Lobbying; 3 The Decision-Making Process; 4 Advocacy, Lobbying, and the Law; 5 Building an Advocacy Foundation; 6 Managing the Lobbying Effort/Organization; 7 Influencing the Decision-Making Process; 8 Postmortem; Bibliography; Index 330 $aThis is a no-holds-barred, comprehensive, real-world guide to building political power and successfully lobbying for nonprofits in the 21st century, written by an insider who has been in the trenches as both a lobbyist and a government official. 606 $aNonprofit organizations$zUnited States 606 $aLobbying$zUnited States 608 $aElectronic books. 615 0$aNonprofit organizations 615 0$aLobbying 676 $a338.7/4 700 $aHessenius$b Barry$0980485 801 0$bMiAaPQ 801 1$bMiAaPQ 801 2$bMiAaPQ 906 $aBOOK 912 $a9910450932503321 996 $aHardball lobbying for nonprofits$92237168 997 $aUNINA LEADER 04177nam 22007575 450 001 996204726303316 005 20200630135421.0 010 $a3-319-21768-2 024 7 $a10.1007/978-3-319-21768-0 035 $a(CKB)3710000000454206 035 $a(SSID)ssj0001558624 035 $a(PQKBManifestationID)16183698 035 $a(PQKBTitleCode)TC0001558624 035 $a(PQKBWorkID)14818996 035 $a(PQKB)10089108 035 $a(DE-He213)978-3-319-21768-0 035 $a(MiAaPQ)EBC5578113 035 $a(PPN)187688834 035 $a(EXLCZ)993710000000454206 100 $a20150710d2015 u| 0 101 0 $aeng 135 $aurnn|008mamaa 181 $ctxt 182 $cc 183 $acr 200 10$aReasoning Web. Web Logic Rules$b[electronic resource] $e11th International Summer School 2015, Berlin, Germany, July 31- August 4, 2015, Tutorial Lectures. /$fedited by Wolfgang Faber, Adrian Paschke 205 $a1st ed. 2015. 210 1$aCham :$cSpringer International Publishing :$cImprint: Springer,$d2015. 215 $a1 online resource (IX, 333 p. 46 illus.) 225 1 $aInformation Systems and Applications, incl. Internet/Web, and HCI ;$v9203 300 $aBibliographic Level Mode of Issuance: Monograph 311 $a3-319-21767-4 320 $aIncludes bibliographical references and index. 327 $aAll About Fuzzy Description Logics and Applications -- Higher-Order Modal Logics: Automation and Applications -- Web Stream Reasoning: from Data Streams to Actionable Knowledge -- Recommender Systems and Linked Open Data -- The TPTP World - Infrastructure for Automated Reasoning -- PSOA Rule ML: Integrated Object-Relational Data and Rules -- Legal Rule ML: Design Principles and Foundations -- The Power of Semantic Rules in Rulelog: Fundamentals and Recent Progress -- Recent Advances in Datalog+/- -- Ontology-mediated query answering with data-tractable description logics -- Towards embedded Answer Set Solving -- Answer Set Programming: A tour from the basics to advanced development tools and industrial applications. 330 $aThis volume contains the lecture notes of the 11th Reasoning Web Summer School 2015, held in Berlin, Germany, in July/August 2015. In 2015, the theme of the school was Web Logic Rules. This Summer School is devoted to this perspective, and provides insight into the semantic Web, linked data, ontologies, rules, and logic. 410 0$aInformation Systems and Applications, incl. Internet/Web, and HCI ;$v9203 606 $aDatabase management 606 $aArtificial intelligence 606 $aMathematical logic 606 $aInformation storage and retrieval 606 $aApplication software 606 $aDatabase Management$3https://scigraph.springernature.com/ontologies/product-market-codes/I18024 606 $aArtificial Intelligence$3https://scigraph.springernature.com/ontologies/product-market-codes/I21000 606 $aMathematical Logic and Formal Languages$3https://scigraph.springernature.com/ontologies/product-market-codes/I16048 606 $aInformation Storage and Retrieval$3https://scigraph.springernature.com/ontologies/product-market-codes/I18032 606 $aInformation Systems Applications (incl. Internet)$3https://scigraph.springernature.com/ontologies/product-market-codes/I18040 615 0$aDatabase management. 615 0$aArtificial intelligence. 615 0$aMathematical logic. 615 0$aInformation storage and retrieval. 615 0$aApplication software. 615 14$aDatabase Management. 615 24$aArtificial Intelligence. 615 24$aMathematical Logic and Formal Languages. 615 24$aInformation Storage and Retrieval. 615 24$aInformation Systems Applications (incl. Internet). 676 $a025.0427 702 $aFaber$b Wolfgang$4edt$4http://id.loc.gov/vocabulary/relators/edt 702 $aPaschke$b Adrian$4edt$4http://id.loc.gov/vocabulary/relators/edt 801 0$bMiAaPQ 801 1$bMiAaPQ 801 2$bMiAaPQ 906 $aBOOK 912 $a996204726303316 996 $aReasoning Web. Web Logic Rules$92805619 997 $aUNISA LEADER 00978oam 2200325z- 450 001 9910157761403321 005 20160708135847.0 010 $a1-56037-651-1 035 $a(CKB)3710000001009882 035 $a(VLeBooks)9781560376514 035 $a(EXLCZ)993710000001009882 100 $a20210505c2015uuuu -u- - 101 0 $aeng 200 $aConfessions of a Camo Queen 210 $cFarcountry Incorporated 215 $a1 online resource (1 p.) 311 $a1-56037-628-7 330 $a"Humorous stories from the perspective of an outdoorsman's partner"--$cProvided by publisher. 606 $aOutdoorsmen$vHumor 606 $aMasculinity$vHumor 606 $aMan-woman relationships$vHumor 615 0$aOutdoorsmen 615 0$aMasculinity 615 0$aMan-woman relationships 676 $a818/.602 700 $aBerube$b Kristin$01748503 906 $aBOOK 912 $a9910157761403321 996 $aConfessions of a Camo Queen$94181428 997 $aUNINA